Digital Technology in Education (Record no. 542)
[ view plain ]
| 000 -LEADER | |
|---|---|
| Fixed length control field | 00460nam a2200169 4500 |
| 003 - CONTROL NUMBER IDENTIFIER | |
| Control field | SEACOMMC |
| 005 - DATE AND TIME OF LATEST TRANSACTION | |
| Control field | 20250411140910.0 |
| 008 - FIXED-LENGTH DATA ELEMENTS--GENERAL INFORMATION | |
| Fixed length control field | 240911b |||||||| |||| 00| 0 eng d |
| 020 ## - INTERNATIONAL STANDARD BOOK NUMBER / ISBN | |
| International Standard Book Number | 978-81-7273-268-4 |
| Price | Rs.625.00 |
| 040 ## - CATALOGING SOURCE | |
| Original cataloging agency | SEACOMMC |
| 082 ## - DEWEY DECIMAL CLASSIFICATION NUMBER | |
| Classification number | 23 371.33 |
| Book Number | S129 |
| 100 ## - MAIN ENTRY--PERSONAL NAME | |
| Personal name | Sagar, Krishna |
| 245 1# - TITLE STATEMENT | |
| Title | Digital Technology in Education |
| Statement of responsibility | Krishna Sagar |
| 260 ## - IMPRINT | |
| Place of publication | Delhi |
| Name of publisher | Authorspress |
| Date of publication | 2006 |
| 650 ## - SUBJECT ADDED ENTRY--TOPICAL TERM | |
| Topical term | Education--Data processing |
| 942 ## - ADDED ENTRY ELEMENTS (KOHA) | |
| Koha item type | Books |
| Withdrawn status | Lost status | Source of classification | Damaged status | Not for loan | Home library | Current library | Date acquired | Total Checkouts | Call number | Accession number | Date last seen | Price effective from | Koha item type |
|---|---|---|---|---|---|---|---|---|---|---|---|---|---|
| Dewey Decimal Classification | SEACOM MANAGEMENT COLLEGE | SEACOM MANAGEMENT COLLEGE | 21/09/2007 | 23 371.33 S129 | M-48 | 11/09/2024 | 11/09/2024 | Books |
